000
00321 a2200157 4500
001
194790
040
_c
Magnum
100
_a
Azevedo, Aluísio de
240
1
0
_a
Casa de pensão
_l
por
245
1
0
_a
Casa de pensão
300
_a
131
362
0
_a
1989
440
1
_a
Ática
697
_a
LITERATURA GERAL
942
_c
BK
999
_c
194790
_d
194790